[Event "GRE-chT 42nd"]
[Site "Porto Rio"]
[Date "2014.06.29"]
[Round "2.8"]
[White "Samaras, Georgios"]
[Black "Hatzihrisafis, Dimos"]
[Result "0-1"]
[WhiteElo "1665"]
[BlackElo "1830"]
[PlyCount "122"]
[EventDate "2014.06.28"]
[EventType "team-swiss"]
[EventRounds "7"]
[EventCountry "GRE"]
[SourceTitle "CBM 161 Extra"]
[Source "ChessBase"]
[SourceDate "2014.08.29"]
[SourceVersion "1"]
[SourceVersionDate "2014.08.29"]
[SourceQuality "1"]
[WhiteTeam "Ptolemaida Ptolemaios"]
[BlackTeam "Kavalas OFS"]
[WhiteTeamCountry "GRE"]
[BlackTeamCountry "GRE"]

1. e4 c5 2. Nf3 d6 3. d4 cxd4 4. Nxd4 Nf6 5. Nc3 a6 6. Be2 e5 7. Nb3 Be6 8. 0-0 Be7 9. Be3 0-0 10. f4 Qc7 11. f5 Bc4 12. Nd2 Bxe2 13. Qxe2 b5 14. a3 Nbd7 15. g4 d5 16. g5 d4 17. gxf6 Nxf6 18. Nd1 dxe3 19. Nxe3 Bc5 20. Kh1 Qc6 21. Ng4 Rfd8 22. Nxe5 Rxd2 23. Qxd2 Qxe4+ 24. Nf3 Ng4 25. Rae1 Qc6 26. Qf4 Nf6 27. h3 Bd6 28. Qd4 Nh5 29. Rf2 Ng3+ 30. Kg2 Rc8 31. b4 Nxf5 32. Qe4 Qxe4 33. Rxe4 g6 34. Nd4 Ng7 35. Rfe2 Rc3 36. R4e3 Rc4 37. Nf3 Ne6 38. Kf1 Bf4 39. Rd3 Bc1 40. Ne5 Rc8 41. Rd7 Nf4 42. Rf2 f5 43. Nd3 Nxd3 44. Rxd3 Rc6 45. Re2 Kg7 46. Ke1 f4 47. Kd1 Be3 48. h4 Kh6 49. Rexe3 fxe3 50. Rxe3 Kh5 51. Rh3 Kg4 52. Rh1 Rc3 53. Kd2 Rxa3 54. c3 Ra2+ 55. Kd3 Rf2 56. Rg1+ Kh5 57. Ra1 Rf6 58. Kd4 Rc6 59. Rc1 h6 60. Kd5 Rc4 61. Re1 Rxc3 0-1

[Event "Kavala op 22nd"]
[Site "Kavala"]
[Date "2013.08.12"]
[Round "8"]
[White "Hatzihrisafis, Dimos"]
[Black "Tsekmes, Dimitrios"]
[Result "0-1"]
[WhiteElo "1840"]
[BlackElo "1825"]
[PlyCount "46"]
[EventDate "2013.08.06"]
[EventType "swiss"]
[EventRounds "9"]
[EventCountry "GRE"]
[SourceTitle "CBM 155 Extra"]
[Source "ChessBase"]
[SourceDate "2013.08.26"]
[SourceVersion "1"]
[SourceVersionDate "2013.08.26"]
[SourceQuality "1"]

1. e4 e5 2. Nf3 Nc6 3. d4 exd4 4. Nxd4 Nf6 5. Nxc6 bxc6 6. e5 Qe7 7. Qe2 Nd5 8. c4 Ba6 9. b3 g6 10. f4 d6 11. Qf2 Nf6 12. Ba3 Qe6 13. Bd3 Ng4 14. Qf3 dxe5 15. f5 Qd7 16. Be4 0-0-0 17. Bxf8 Rhxf8 18. Qxg4 Qd4 19. fxg6+ Kb8 20. g7 Rg8 21. a4 Rxg7 22. Qxg7 Qe3+ 23. Kf1 Rd1# 0-1

[Event "GRE-ch U16"]
[Site "Rio Achaia"]
[Date "2012.06.25"]
[Round "2.2"]
[White "Hatzihrisafis, Dimos"]
[Black "Stathopoulos, Ioannis"]
[Result "0-1"]
[WhiteElo "1852"]
[BlackElo "2181"]
[PlyCount "62"]
[EventDate "2012.06.24"]
[EventType "swiss"]
[EventRounds "6"]
[EventCountry "GRE"]
[SourceTitle "EXT 2024"]
[Source "ChessBase"]
[SourceDate "2023.10.10"]
[SourceVersion "1"]
[SourceVersionDate "2023.10.10"]
[SourceQuality "1"]

1. e4 c5 2. Nf3 d6 3. d4 cxd4 4. Nxd4 Nf6 5. f3 e5 6. Nb3 Be6 7. c4 Nbd7 8. Be3 Qc7 9. Nc3 Bxc4 10. Rc1 Bxf1 11. Nb5 Qxc1 12. Qxc1 Bxb5 13. Qd2 b6 14. Kf2 Nc5 15. Nxc5 dxc5 16. Qc3 Bd6 17. Rd1 Ke7 18. b3 Rhd8 19. Qc2 Rac8 20. Qb2 h6 21. Rc1 c4 22. bxc4 Bxc4 23. g3 Ba6 24. Rd1 Rc4 25. Rd2 Rdc8 26. Kg2 Bb7 27. Re2 Kf8 28. Bf2 Kg8 29. Be3 Bc5 30. Bxc5 R4xc5 31. h4 Nd7 0-1

[Event "World Amateur-ch"]
[Site "Neos Marmaras"]
[Date "2012.04.22"]
[Round "9"]
[White "Benavides Moncayo, Olga"]
[Black "Hatzihrisafis, Dimos"]
[Result "1/2-1/2"]
[WhiteElo "1903"]
[BlackElo "1835"]
[PlyCount "62"]
[EventDate "2012.04.16"]
[EventType "swiss"]
[EventRounds "9"]
[EventCountry "GRE"]
[SourceTitle "CBM 148 Extra"]
[Source "ChessBase"]
[SourceDate "2012.06.22"]
[SourceVersion "1"]
[SourceVersionDate "2012.06.22"]
[SourceQuality "1"]

1. e4 c5 2. Nf3 d6 3. d4 cxd4 4. Nxd4 Nf6 5. Nc3 a6 6. Be2 e5 7. Nb3 Be7 8. f4 b5 9. Bf3 Bb7 10. 0-0 Nbd7 11. Kh1 0-0 12. f5 b4 13. Nd5 Nxd5 14. exd5 a5 15. Nd2 Nb6 16. Ne4 Rb8 17. Ng3 Bh4 18. Be4 Nd7 19. Qg4 Bf6 20. Nh5 Kh8 21. Rf3 Rg8 22. Rh3 g6 23. Nxf6 Nxf6 24. Qh4 g5 25. Qh6 Rg7 26. Bd3 Ng4 27. Qh5 Nf2+ 28. Kg1 Nxh3+ 29. Qxh3 f6 30. Be4 Qb6+ 31. Be3 Qb5 1/2-1/2

[Event "GRE-ch U14"]
[Site "Kallithea"]
[Date "2010.07.02"]
[Round "9"]
[White "Koutoukidis, Panagiotis"]
[Black "Hatzihrisafis, Dimos"]
[Result "1/2-1/2"]
[WhiteElo "1913"]
[BlackElo "1687"]
[PlyCount "178"]
[EventDate "2010.06.26"]
[EventType "swiss"]
[EventRounds "9"]
[EventCountry "GRE"]
[SourceTitle "EXT 2011"]
[Source "ChessBase"]
[SourceDate "2010.11.26"]
[SourceVersion "1"]
[SourceVersionDate "2010.11.26"]
[SourceQuality "1"]

1. e4 c5 2. Nf3 d6 3. d4 cxd4 4. Nxd4 Nf6 5. Nc3 a6 6. Qf3 e6 7. Be2 Be7 8. g4 h6 9. Qg2 Nfd7 10. Be3 Nc6 11. 0-0-0 Qc7 12. h4 Nc5 13. f4 Bd7 14. f5 0-0-0 15. Rdf1 Bf6 16. Rd1 Nxd4 17. Bxd4 Kb8 18. fxe6 fxe6 19. Bxf6 gxf6 20. Rhf1 Rhf8 21. Qg3 Bc6 22. Qe3 Qh7 23. Bf3 Qe7 24. Ne2 Bb5 25. Rf2 Bxe2 26. Bxe2 Qh7 27. Rf4 e5 28. Rf5 Ne6 29. c3 Nf4 30. Bc4 Qg7 31. Rg1 Rc8 32. Bb3 Qe7 33. Rd1 Rfd8 34. Rg1 Rf8 35. Bd5 Rc5 36. Kb1 Nxd5 37. exd5 Qg7 38. Qe4 Qg6 39. Qf3 Rc7 40. Ka1 Rcf7 41. Rf1 Re8 42. g5 hxg5 43. hxg5 e4 44. Qe3 Ref8 45. Qxe4 fxg5 46. Rxf7 Qxe4 47. Rxf8+ Ka7 48. R8f2 Qxd5 49. Rg1 Qd3 50. Rfg2 d5 51. Rxg5 d4 52. R5g3 Qd2 53. R3g2 Qd3 54. Rg3 Qd2 55. cxd4 Qxd4 56. Rc1 Qf4 57. Rgc3 Qd2 58. a3 Qd4 59. Rc7 Qd2 60. Rg1 Qd4 61. Rcg7 Qd2 62. Rf1 Qc2 63. Rd7 Qc4 64. Rff7 Qc1+ 65. Ka2 Qc4+ 66. Kb1 Qe4+ 67. Kc1 Qe3+ 68. Kc2 Qe4+ 69. Kd2 Qg2+ 70. Kc3 Qc6+ 71. Kd3 Qb5+ 72. Kc2 Qc4+ 73. Kd2 Ka8 74. Rxb7 Qd4+ 75. Ke2 Qe4+ 76. Kf2 Qd4+ 77. Kf3 Qd3+ 78. Kf4 Qd4+ 79. Kf5 Qd5+ 80. Kg6 Qe6+ 81. Kg7 Qe5+ 82. Kg8 Qg5+ 83. Kh7 Qh5+ 84. Kg7 Qg5+ 85. Kf8 Qd8+ 86. Kg7 Qg5+ 87. Kh8 Qh6+ 88. Kg8 Qg6+ 89. Kh8 Qh6+ 1/2-1/2

[Event "EU School-ch U15"]
[Site "Thessaloniki"]
[Date "2010.04.09"]
[Round "6"]
[White "Amiridou, Dimitra"]
[Black "Hatzihrisafis, Dimos"]
[Result "0-1"]
[WhiteElo "1637"]
[BlackElo "1662"]
[PlyCount "84"]
[EventDate "2010.04.05"]
[EventType "swiss"]
[EventRounds "9"]
[EventCountry "GRE"]
[SourceTitle "CBM 136 Extra"]
[Source "ChessBase"]
[SourceDate "2010.07.02"]
[SourceVersion "2"]
[SourceVersionDate "2010.07.15"]
[SourceQuality "1"]

1. e4 c5 2. Nf3 d6 3. d4 cxd4 4. Nxd4 Nf6 5. Nc3 a6 6. f3 e5 7. Nb3 Be6 8. Be3 Be7 9. Qd2 0-0 10. 0-0-0 Nbd7 11. g4 b5 12. g5 b4 13. Ne2 Ne8 14. f4 a5 15. Kb1 exf4 16. Bxf4 Ne5 17. Ned4 Qb6 18. Nxe6 fxe6 19. Be2 Nc7 20. Rhg1 Nb5 21. Bxb5 Qxb5 22. Nd4 Qd7 23. h4 Nc4 24. Qe2 Na3+ 25. bxa3 Rxf4 26. Rg4 Rff8 27. Qc4 bxa3 28. Qxe6+ Qxe6 29. Nxe6 Rab8+ 30. Ka1 Rf2 31. Nd4 Rbf8 32. Nf5 Rf7 33. Rg3 Bf8 34. g6 hxg6 35. Rxg6 Kh7 36. h5 d5 37. Ng3 Rxc2 38. Nf5 dxe4 39. Nd4 Rd2 40. Rgg1 Rxd1+ 41. Rxd1 Rd7 42. Rd2 Bb4 0-1

[Event "EU School-ch U15"]
[Site "Thessaloniki"]
[Date "2010.04.09"]
[Round "7"]
[White "Hatzihrisafis, Dimos"]
[Black "Liodakis, Konstantinos Spyros"]
[Result "1/2-1/2"]
[WhiteElo "1662"]
[BlackElo "1896"]
[PlyCount "73"]
[EventDate "2010.04.05"]
[EventType "swiss"]
[EventRounds "9"]
[EventCountry "GRE"]
[SourceTitle "CBM 136 Extra"]
[Source "ChessBase"]
[SourceDate "2010.07.02"]
[SourceVersion "2"]
[SourceVersionDate "2010.07.15"]
[SourceQuality "1"]

1. e4 e6 2. d4 d5 3. Nd2 Be7 4. e5 c5 5. f4 cxd4 6. Nb3 Bb4+ 7. Bd2 Qb6 8. Bxb4 Qxb4+ 9. Qd2 Qxd2+ 10. Kxd2 Nc6 11. Nf3 Nge7 12. Nbxd4 a6 13. a4 Bd7 14. c3 0-0 15. Bd3 Nxd4 16. Nxd4 Nc6 17. b4 f6 18. exf6 gxf6 19. Rhe1 Rfe8 20. Nxc6 bxc6 21. Rf1 h6 22. a5 Kf7 23. Rae1 Rg8 24. Re2 Ke7 25. c4 Kd6 26. c5+ Kc7 27. Kc3 Kb7 28. Rf3 Rg4 29. h3 Rg7 30. g4 Re8 31. Rfe3 Rh8 32. Rg3 f5 33. Kd4 fxg4 34. hxg4 h5 35. g5 h4 36. Rgg2 Bc8 37. Ke5 1/2-1/2

[Event "GRE-ch U14"]
[Site "Kallithea"]
[Date "2009.06.25"]
[Round "1"]
[White "Tzouganakis, Panteleimon"]
[Black "Hatzihrisafis, Dimos"]
[Result "1-0"]
[WhiteElo "2033"]
[BlackElo "1566"]
[PlyCount "55"]
[EventDate "2009.06.25"]
[EventType "swiss"]
[EventRounds "9"]
[EventCountry "GRE"]
[SourceTitle "EXT 2011"]
[Source "ChessBase"]
[SourceDate "2010.11.26"]
[SourceVersion "1"]
[SourceVersionDate "2010.11.26"]
[SourceQuality "1"]

1. e4 c6 2. d4 d5 3. f3 e6 4. Nc3 Bb4 5. e5 Ne7 6. a3 Bxc3+ 7. bxc3 b6 8. f4 Ba6 9. Bxa6 Nxa6 10. Qd3 Nc7 11. Ne2 c5 12. 0-0 0-0 13. g4 f6 14. f5 Qd7 15. Ng3 Nc6 16. exf6 Rxf6 17. g5 Rf7 18. g6 hxg6 19. fxg6 Rxf1+ 20. Nxf1 Qe8 21. Bf4 Rc8 22. Re1 cxd4 23. cxd4 Nd8 24. Bxc7 Rxc7 25. Qf5 Qf8 26. Qh5 Qf6 27. Re2 Qxd4+ 28. Rf2 1-0